| 000 | 00388nam a22001337a 4500 | ||
|---|---|---|---|
| 020 | _a0872633586 | ||
| 040 | _cNUST | ||
| 082 |
_a620.11 _bSTA |
||
| 100 | _aA. Brent Strong | ||
| 245 |
_aFundamentals of Composites Manufacturing: _bMaterials, Methods, and Applicatons |
||
| 260 |
_aMichigan: _bDearborn, _c1989. |
||
| 650 | _2Fundamentals of Composites Manufacturing: | ||
| 942 |
_2ddc _cBK |
||
| 999 |
_c611433 _d611433 |
||